|
|
|
|
| LEADER |
00000cam a22000007a 4500 |
| 001 |
4186 |
| 003 |
CZ-ZlUTB |
| 005 |
20190825231750.0 |
| 008 |
950218s1962 xr |||||r|||||||||||cze|d |
| 040 |
|
|
|a ZLD002
|b cze
|c ZLD002
|d ZLD002
|
| 100 |
1 |
|
|a Šik, Ota,
|d 1919-2004
|7 jk01122884
|4 aut
|
| 245 |
1 |
0 |
|a Ekonomika, zájmy, politika :
|b (jejich vzájemné vztahy do socialismu)
|
| 260 |
|
|
|a Praha :
|b Nakladatelství politické literatury,
|c 1962
|
| 300 |
|
|
|a 587 s.
|
| 650 |
0 |
4 |
|a EKONOMIKA
|
| 650 |
0 |
4 |
|a Politika
|
| 650 |
0 |
4 |
|a rozbory
|
| 650 |
0 |
4 |
|a vztahy
|
| 910 |
|
|
|a ZLD002
|
| 952 |
|
|
|0 0
|1 0
|4 0
|6 3ŠIKO
|7 0
|8 BOOK
|9 6748
|a UTBZL
|b UTBZL
|c 030
|d 2006-07-29
|i 44378
|l 2
|o 3/ŠIK,O.
|p 420010010354
|r 2019-08-25 00:00:00
|w 2019-08-25
|x 20100831
|y 05
|
| 992 |
|
|
|a BK
|b SK
|d 2
|
| 999 |
|
|
|c 4186
|d 4186
|